| 000 | 00395nam a2200133Ia 4500 | ||
|---|---|---|---|
| 008 | 180815s9999 xx 000 0 und d | ||
| 020 | _a9789719449393 | ||
| 100 | _aBallada, Susan | ||
| 245 |
_cSusan Ballada, Win Ballada.-- _aAccounting fundamentals : _bmade easy / |
||
| 250 | _a2nd ed | ||
| 260 |
_aPhilippines: _bDomDane Publishers _c2009 |
||
| 300 | _axii, 228 pages. | ||
| 650 | _aAccounting. | ||
| 999 |
_c358346 _d358346 |
||